Anyone but Theodore Roosevelt Quiz Stats

 Plays Quiz Updated Apr 11, 2019

Score 0/33 Timer 04:00
4 Plays Today
Hint Answer % Correct
Have a Three-Syllable SurnameGeorge Washington
98.5%
Are on Mount RushmoreGeorge Washington
98.5%
Are on Mount RushmoreAbraham Lincoln
96.2%
Have a Three-Syllable SurnameThomas Jefferson
96.1%
Are on Mount RushmoreThomas Jefferson
96.1%
Have a Three-Syllable SurnameBarack Obama
95.4%
Were Younger than 50 at
Inauguration
Barack Obama
95.4%
Were President when the Giants Won the World SeriesBarack Obama
95.4%
Have a Three-Syllable SurnameJohn F. Kennedy
95%
Were Younger than 50 at
Inauguration
John F. Kennedy
95%
Died in JanuaryLyndon B. Johnson
94.2%
Became President After Their Predecessor was AssassinatedLyndon B. Johnson (John F. Kennedy)
94.2%
Became President After Their Predecessor was AssassinatedAndrew Johnson (Abraham Lincoln)
93.6%
Have a Three-Syllable SurnameFranklin D. Roosevelt
88.1%
Were President when the Giants Won the World SeriesFranklin D. Roosevelt
88.1%
Were Younger than 50 at
Inauguration
Bill Clinton
80.8%
Have a Three-Syllable SurnameJames Madison
80.2%
Hint Answer % Correct
Were President when the Giants Won the World SeriesDwight D. Eisenhower
79.3%
Have a Three-Syllable SurnameWilliam H. Harrison
78.7%
Have a Three-Syllable SurnameBenjamin Harrison
78.6%
Have a Three-Syllable SurnameMartin Van Buren
73.4%
Have a Three-Syllable SurnameWilliam McKinley
73%
Were Younger than 50 at
Inauguration
James K. Polk
70%
Died in JanuaryCalvin Coolidge
69.3%
Were Younger than 50 at
Inauguration
Ulysses S. Grant
68.2%
Have a Three-Syllable SurnameJames Buchanan
67.9%
Became President After Their Predecessor was AssassinatedChester A. Arthur (James A. Garfield)
64.9%
Died in JanuaryJohn Tyler
64.1%
Were Younger than 50 at
Inauguration
Grover Cleveland
63.6%
Were Younger than 50 at
Inauguration
Franklin Pierce
61.2%
Were Younger than 50 at
Inauguration
James A. Garfield
60.8%
Were President when the Giants Won the World SeriesWarren G. Harding
58.7%
Died in JanuaryRutherford B. Hayes
53.5%

You're not logged in!

Compare scores with friends on all Sporcle quizzes.
OR
Log In

Sporcle TV

Today on Sporcle TV


Watch our educational content, quiz creation guides, and fun videos on Sporcle TV.

Show Comments

Extras

Top Quizzes Today


Score Distribution

Your Account Isn't Verified!

In order to create a playlist on Sporcle, you need to verify the email address you used during registration. Go to your Sporcle Settings to finish the process.

Report this User

Report this user for behavior that violates our Community Guidelines.

Details: